000 00901cab a2200253 4500
001 WB3412-31
008 090401t1998 xxu||||| |||| 00| 0 eng d
035 _a(Sirsi) u85174
041 _aeng
245 _aDust at mineral workings
260 _c1998
350 _a0
490 _aScottish Office News Release
_v(0570/98) 20 March 1998 (2)
520 _aIn Scotland new advice in an annex to Planning Advice Note 50 seeks to control the environmental effects of dust at surface mineral workings. Recommends use of a dust assessment study, explains methods for controlling dust and advises on conditions and enforcement.
650 _aDUST ASSESSMENT STUDY
650 _aDUST
650 _aENVIRONMENTAL IMPACT
650 _aGUIDANCE
650 _aPLANNING ADVICE NOTE 50
650 _aSURFACE MINERAL WORKINGS
690 _aMINERALS AND MINING
942 _n0
948 _c25/03/1998
999 _c53538
_d53538